| 000 | 00601nam a2200217 u 4500 | ||
|---|---|---|---|
| 005 | 20240920064500.0 | ||
| 008 | 120312s2007 r 000 0 eng d | ||
| 020 | _a9706909575 | ||
| 035 | _aUPN01000183592 | ||
| 049 | _aI | ||
| 050 | 4 |
_aGV202 _bC5.3 |
|
| 245 | 0 | 0 |
_a100 grandes deportistas / _ctr. María Savona. |
| 260 |
_aMéxico : _bPlaneta, _cc2007. |
||
| 300 |
_a46 p. : _bprincipalmente il. col. |
||
| 440 | 0 | _aDestino | |
| 534 |
_pTitulo original: _t100 grats in sports |
||
| 650 | 2 |
_aDeportes _912162 |
|
| 650 | 4 |
_aEducación física _912884 |
|
| 905 | _aInfantil | ||
| 999 |
_c155695 _d155695 |
||